MARC details
| 000 -LEADER |
| fixed length control field |
01789cam a22003974a 4500 |
| 001 - CONTROL NUMBER |
| control field |
ocm59712759 |
| 003 - CONTROL NUMBER IDENTIFIER |
| control field |
TZ-ArACH |
| 005 - DATE AND TIME OF LATEST TRANSACTION |
| control field |
20130523083134.0 |
| 008 - FIXED-LENGTH DATA ELEMENTS--GENERAL INFORMATION |
| fixed length control field |
030522s2003 fr a b 000 0 fre |
| 010 ## - LIBRARY OF CONGRESS CONTROL NUMBER |
| LC control number |
2005397308 |
| 020 ## - INTERNATIONAL STANDARD BOOK NUMBER |
| International Standard Book Number |
2842721691 |
| 020 ## - INTERNATIONAL STANDARD BOOK NUMBER |
| International Standard Book Number |
9782842721695 |
| 035 ## - SYSTEM CONTROL NUMBER |
| System control number |
(OCoLC)59712759 |
| Canceled/invalid control number |
(OCoLC)56503571 |
| 040 ## - CATALOGING SOURCE |
| Original cataloging agency |
DLC |
| Language of cataloging |
eng |
| Transcribing agency |
TZ-ArACH |
| Modifying agency |
CUY |
| -- |
IXA |
| -- |
TZT |
| -- |
MUQ |
| -- |
EYM |
| -- |
OCLCQ |
| 041 ## - LANGUAGE CODE |
| Language code of text/sound track or separate title |
Fre |
| 049 ## - LOCAL HOLDINGS (OCLC) |
| Holding library |
TZAA |
| 050 00 - LIBRARY OF CONGRESS CALL NUMBER |
| Classification number |
DT294 |
| Item number |
.K3 |
| 082 00 - DEWEY DECIMAL CLASSIFICATION NUMBER |
| Classification number |
965/.04 |
| Edition number |
22 |
| 100 1# - MAIN ENTRY--PERSONAL NAME |
| Personal name |
Kaddache, Mahfoud. |
| 9 (RLIN) |
10922 |
| 245 10 - TITLE STATEMENT |
| Title |
Histoire du nationalisme algérien (Tome 1 1919-1939) / |
| Statement of responsibility, etc |
Mahfoud Kaddache. |
| 260 ## - PUBLICATION, DISTRIBUTION, ETC. (IMPRINT) |
| Place of publication, distribution, etc |
Paris : |
| Name of publisher, distributor, etc |
Paris-Méditerranée ; |
| Place of publication, distribution, etc |
Alger : |
| Name of publisher, distributor, etc |
EDIF 2000, |
| Date of publication, distribution, etc |
2003. |
| 300 ## - PHYSICAL DESCRIPTION |
| Extent |
2 v. (981 p.) : |
| Other physical details |
ill. ; |
| Dimensions |
24 cm. |
| 504 ## - BIBLIOGRAPHY, ETC. NOTE |
| Bibliography, etc |
Includes bibliographical references (v. 2, p. [921-977]). |
| 505 0# - FORMATTED CONTENTS NOTE |
| Formatted contents note |
T. 1. 1919-1939 -- t. 2. 1939-1951. |
| 650 #0 - SUBJECT ADDED ENTRY--TOPICAL TERM |
| Topical term or geographic name as entry element |
Nationalism |
| Geographic subdivision |
Algeria |
| General subdivision |
History |
| Chronological subdivision |
20th century. |
| 9 (RLIN) |
10923 |
| 650 #6 - SUBJECT ADDED ENTRY--TOPICAL TERM |
| Topical term or geographic name as entry element |
Nationalisme |
| Geographic subdivision |
Algérie |
| General subdivision |
Histoire |
| Chronological subdivision |
20e siècle. |
| 9 (RLIN) |
10924 |
| 651 #0 - SUBJECT ADDED ENTRY--GEOGRAPHIC NAME |
| Geographic name |
Algeria |
| General subdivision |
History |
| Chronological subdivision |
20th century. |
| 9 (RLIN) |
10925 |
| 651 #6 - SUBJECT ADDED ENTRY--GEOGRAPHIC NAME |
| Geographic name |
Algérie |
| General subdivision |
Histoire |
| Chronological subdivision |
20e siècle. |
| 9 (RLIN) |
10926 |
| 653 ## - INDEX TERM--UNCONTROLLED |
| Uncontrolled term |
Political history |
| -- |
Algeria |
| -- |
20th century |
| 776 08 - ADDITIONAL PHYSICAL FORM ENTRY |
| Display text |
Online version: |
| Main entry heading |
Kaddache, Mahfoud. |
| Title |
Histoire du nationalisme algérien. |
| Place, publisher, and date of publication |
Paris : Paris-Méditerranée ; Alger : EDIF 2000, 2003 |
| Record control number |
(OCoLC)607494553 |
| 776 08 - ADDITIONAL PHYSICAL FORM ENTRY |
| Display text |
Online version: |
| Main entry heading |
Kaddache, Mahfoud. |
| Title |
Histoire du nationalisme algérien. |
| Place, publisher, and date of publication |
Paris : Paris-Méditerranée ; Alger : EDIF 2000, 2003 |
| Record control number |
(OCoLC)608384477 |
| 936 ## - OCLC/CONSER MISCELLANEOUS DATA (OCLC); PIECE USED FOR CATALOGING (pre-AACR2) (RLIN) |
| OCLC control number(s) of parallel record(s) (OCLC); Piece used for cataloging, PUC (RLIN) |
PR 52813315 |
| 942 ## - ADDED ENTRY ELEMENTS (KOHA) |
| Source of classification or shelving scheme |
Library of Congress Classification |
| Koha item type |
Books |